000 00767nam a2200265Ia 4500
003 OSt
005 20220924115811.0
006 a|||||r|||| 00| 0
007 ta
008 220923b |||||||| |||| 00| 0 urd d
020 _a9789350737552 (hbk)
020 _c200
024 _a289478
037 _b4690, 09/03/2016, Kitabi Duniya
_cTextual
040 _aARTS
_cARTS
_burd
041 _2urd
_aurd
082 _aO168,3x, Q6
100 _aAzad Akhtar
_9179629
245 0 _aKhuda se sawal
_b Short stories
260 _aDelhi
_bEducational Publishing House India
_c2016
300 _a144p.
_ccm.
650 _aURDU LITERATURE
942 _hO168,3x, Q6
_cTEXL
_2CC
999 _c399937
_d399937